| 000 | 01320pam a2200385 i 4500 | ||
|---|---|---|---|
| 001 | 1374935788 | ||
| 003 | DLC | ||
| 005 | 20250403172426.0 | ||
| 007 | t| | ||
| 008 | 240903s2025 nyua a 000 1 eng | ||
| 010 | _a 2023000252 | ||
| 020 |
_a9781454951490 _qhardcover |
||
| 035 | _a(OCoLC)1374935788 | ||
| 040 |
_aDLC _beng _erda _cDLC _dDLC _dTnLvILS |
||
| 042 | _apcc | ||
| 092 |
_achildren picture book _bWillems |
||
| 100 | 1 |
_aWillems, Mo, _eauthor, _eillustrator. _4aut. |
|
| 245 | 1 | 0 |
_aMe and other bunnies / _cwords and pictures by Mo Willems. |
| 246 | 3 | _aMe & other bunnies. | |
| 264 | 1 |
_aNew York : _bUnion Square Kids, _c[2025] |
|
| 300 |
_a1 volume (unpaged) : _bcolor illustrations ; _c24 cm. |
||
| 336 | _atext | ||
| 336 | _astill image | ||
| 337 | _aunmediated | ||
| 338 | _avolume | ||
| 500 | _a"A Specific House book"--Page 3 of cover. | ||
| 520 | _a"A group of bunnies come together and explore different pronouns."-- | ||
| 521 |
_aAges 3-6. _bUnion Square Kids. |
||
| 521 |
_aGrades K-1. _bUnion Square Kids. |
||
| 650 | 0 |
_aEnglish language _xPronoun _vJuvenile literature. _95711524 |
|
| 650 | 1 |
_aEnglish language _xPronoun. _983385 |
|
| 650 | 1 | _aRabbits. | |
| 655 | 7 |
_aPicture books. _2lcgft. |
|
| 942 |
_2ddc _cBOOK |
||
| 999 |
_c406526 _d406526 |
||